De las guerras civiles a la consolidación del estado nacional argentio (1820-1880) /
Guardado en:
| Autor Principal: | |
|---|---|
| Formato: | Libro |
| Publicado: |
Buenos Aires :
Longseller,
2003
|
| Etiquetas: |
Agregar Etiqueta
Sin Etiquetas, Sea el primero en etiquetar este registro!
|
| LEADER | 00468nam a22001455a 4500 | ||
|---|---|---|---|
| 001 | CEM.cems018667 | ||
| 008 | 130507s2003##################000#0#####d | ||
| 005 | 20211202094023.0 | ||
| 003 | CEMS | ||
| 245 | 1 | 0 | |a De las guerras civiles a la consolidación del estado nacional argentio (1820-1880) / |c Vilma Paura |
| 260 | |a Buenos Aires : |b Longseller, |c 2003 | ||
| 300 | |a 97 p. | ||
| 020 | |a 987948164X | ||
| 100 | 1 | |a Paura, Vilma | |
| 859 | |a CEMS |b BIB. CEMS - Agricultura |h 982 |i P334 |p A3024.18 |t Ej.1 | ||
